Sport stamps (Record no. 2340)

000 -LEADER
fixed length control field 00288nam a22000977a 4500
008 - FIXED-LENGTH DATA ELEMENTS--GENERAL INFORMATION
fixed length control field 170408b xxu||||| |||| 00| 0 eng d
100 ## - MAIN ENTRY--AUTHOR'S NAME
Author's Name Enhagen, Carl-Olof
245 ## - TITLE STATEMENT
Title Sport stamps
260 ## - PUBLICATION, DISTRIBUTION, ETC. (IMPRINT)
Place of publication, distribution, etc. New York
Name of publisher, distributor, etc. Arco Publishing Co., Inc.,
Date of publication, distribution, etc. 1961
650 ## - TOPICAL TERM (Tag)
Topical term or geographic name Topical Collecting | Sports and Recreation
Holdings
Withdrawn status Lost status Source of classification or shelving scheme Damaged status Koha normalized classification for sorting Not for loan Permanent Location Current Location Shelving location Date acquired Total Checkouts Full call number Barcode Date last seen Price effective from Koha item type
        G3201 T674 E588   Northern Philatelic Library Northern Philatelic Library General Stacks 04/08/2017   G3201 T674 E588 1003183 04/15/2017 04/08/2017 Books

Powered by Koha